Lyrics "Waves" by Mr. Probz - Statistics

General Stats
  • This quiz has been taken 28 times
  • The average score is 130 of 191
Answer Stats
Lyrics % Correct
a
95%
My
90%
Wave
90%
wave,
90%
wave
90%
the
86%
can
81%
can't
81%
drifting
81%
drifting,
81%
face
81%
I
81%
slowly
81%
to
81%
water
81%
after
76%
feels
76%
ground
76%
ground,
76%
touch
76%
Touch
76%
you
76%
and
71%
And
71%
are
71%
away
71%
feet
71%
above
67%
I'm
67%
it
67%
not
67%
see
67%
around
62%
like
62%
Everytime
57%
horizon
57%
on
57%
But
52%
in
52%
me,
52%
me
52%
could
48%
love
48%
against
43%
easy
43%
Easy
43%
for
43%
drowning
38%
find
38%
looking
38%
make
38%
reach,
38%
right
38%
still
38%
wish
38%
Pulling
33%
way
33%
words
33%
sands
29%
stream
29%
between
24%
here
24%
stuck
24%
I'msay
0%
No matching quizzes found
Score Distribution
Percent of People with Each Score
Percentile by Number Answered
Your Score History
You have not taken this quiz